000 00787cab a2200193 4500
001 ##L134795
008 060901n2006 000 0 eng u
035 _a(Sirsi) u134795
041 0 _aeng
100 1 _aPatterson, Alan
245 0 0 _aUK REITs
_bwhere now?
260 _c2006
490 0 _aProperty Forecast
_v9(8) August 2006, 4-5(2)
520 _aDiscusses the pros and cons for quoted property companies of conversion into a REIT when the new system is introduced next year. Issues to be considered include the low cost of equity, protection against takeovers and the ability to make takeovers, and shareholder pressure.
590 _aIKA050906
651 4 _aUnited Kingdom
_y
690 _aPROPERTY-PROPERTY FINANCE AND INVESTMENT-REAL ESTATE INVESTMENT TRUSTS
942 _n0
999 _c77652
_d77652